[Event "German Bundesliga 2023-24"]
[Site "Germany"]
[Date "2024.04.28"]
[Round "15.1"]
[White "Lammers, Markus"]
[Black "Ivanchuk, Vasyl"]
[Result "0-1"]
[WhiteElo "2336"]
[BlackElo "2611"]
[Annotator "TA"]
[PlyCount "36"]
[EventDate "2023.10.20"]
[EventType "team-tourn"]
[EventCountry "GER"]
[SourceTitle "playchess.com"]
[Source "ChessBase"]
[SourceQuality "1"]

1. Nf3 g6 2. d4 d6 3. e4 Nf6 4. Nc3 c6 5. a4 Bg7 6. Be2 a5 7. O-O Na6 8. Re1 O-O 9. Bg5 Qc7 10. e5 dxe5 11. Nxe5 Be6 12. Qd2 Nb4 13. Bf4 Qd8 14. Nc4 c5 15. Nb5 Rc8 16. Na7 Ne4 17. Qe3 cxd4 18. Qxe4 Bd5 0-1

[Event "German Bundesliga 2023-24"]
[Site "Germany"]
[Date "2024.04.28"]
[Round "15.2"]
[White "Idani, Pouya"]
[Black "Teclaf, Pawel"]
[Result "1/2-1/2"]
[WhiteElo "2633"]
[BlackElo "2571"]
[Annotator "RC"]
[PlyCount "44"]
[EventDate "2023.10.20"]
[EventType "team-tourn"]
[EventCountry "GER"]
[SourceTitle "playchess.com"]
[Source "ChessBase"]
[SourceQuality "1"]

1. e4 e5 2. Nf3 Nc6 3. Bb5 Nf6 4. d3 Bc5 5. Bxc6 dxc6 6. Nbd2 Nd7 7. Nc4 O-O 8. Ne3 Re8 9. g4 Bb4+ 10. Kf1 Bf8 11. h4 Nf6 12. Nh2 g6 13. Qf3 Bg7 14. Bd2 h5 15. Ke2 hxg4 16. Nhxg4 Nh5 17. Rag1 Kh7 18. Kd1 Be6 19. Bc3 Qd6 20. Nf1 f5 21. Nge3 fxe4 22. Qxe4 Bd5 1/2-1/2

[Event "German Bundesliga 2023-24"]
[Site "Germany"]
[Date "2024.04.28"]
[Round "15.2"]
[White "Predojevic, Borki"]
[Black "Mamedyarov, Shakhriyar"]
[Result "1/2-1/2"]
[WhiteElo "2580"]
[BlackElo "2734"]
[Annotator "TA"]
[PlyCount "42"]
[EventDate "2023.10.20"]
[EventType "team-tourn"]
[EventCountry "GER"]
[SourceTitle "playchess.com"]
[Source "ChessBase"]
[SourceQuality "1"]

1. e4 e6 2. d4 d5 3. Nc3 Nf6 4. e5 Nfd7 5. f4 c5 6. Nf3 Nc6 7. Be3 a6 8. a3 cxd4 9. Nxd4 Bc5 10. Qd2 Nxd4 11. Bxd4 Bxd4 12. Qxd4 Qb6 13. Qxb6 Nxb6 14. Bd3 Bd7 15. Ne2 Ke7 16. Nd4 Rac8 17. Rf1 Nc4 18. b3 Na5 19. Kd2 Rc7 20. Ke3 Nc6 21. Nf3 Na7 1/2-1/2

[Event "German Bundesliga 2023-24"]
[Site "Germany"]
[Date "2024.04.28"]
[Round "15.2"]
[White "Parligras, Mircea-Emilian"]
[Black "Schulze, Torben"]
[Result "1-0"]
[WhiteElo "2561"]
[BlackElo "2325"]
[Annotator "ChessBase"]
[PlyCount "53"]
[EventDate "2023.10.20"]
[EventType "team-tourn"]
[EventCountry "GER"]
[SourceTitle "playchess.com"]
[Source "ChessBase"]
[SourceQuality "1"]

1. Nf3 c5 2. c4 Nf6 3. Nc3 Nc6 4. g3 e5 5. Bg2 d6 6. d3 g6 7. O-O Bg7 8. Bg5 Be6 9. a3 Qd7 10. Rb1 O-O 11. Bxf6 Bxf6 12. b4 Rac8 13. Nd2 b6 14. b5 Ne7 15. a4 Bg7 16. a5 Bh6 17. Nf3 f6 18. Qb3 Rfd8 19. axb6 axb6 20. Ra1 d5 21. Ra6 Rb8 22. Rfa1 dxc4 23. dxc4 Nc8 24. Ne1 Qf7 25. Bd5 Bd2 26. Rd1 Rxd5 27. cxd5 1-0

[Event "German Bundesliga 2023-24"]
[Site "Germany"]
[Date "2024.04.28"]
[Round "15.3"]
[White "Maghsoodloo, Parham"]
[Black "Stevic, Hrvoje"]
[Result "1-0"]
[WhiteElo "2707"]
[BlackElo "2549"]
[Annotator "TA"]
[PlyCount "99"]
[EventDate "2023.10.20"]
[EventType "team-tourn"]
[EventCountry "GER"]
[SourceTitle "playchess.com"]
[Source "ChessBase"]
[SourceQuality "1"]

1. Nf3 d5 2. g3 Bg4 3. Bg2 c6 4. h3 Bh5 5. c4 e6 6. d4 Nf6 7. Ne5 Nbd7 8. Nc3 Nxe5 9. dxe5 Nd7 10. cxd5 cxd5 11. O-O Bc5 12. g4 Bg6 13. e4 dxe4 14. Nxe4 Bxe4 15. Bxe4 Nxe5 16. Bf4 Ng6 17. Bg3 e5 18. Qa4+ Qd7 19. Qc4 Rc8 20. Qb3 O-O 21. Bf5 Qe7 22. Bxc8 Rxc8 23. Rac1 Rd8 24. Qc4 b6 25. Rfd1 a5 26. Rd5 h6 27. Rcd1 Bd4 28. Kh2 Rxd5 29. Qxd5 Qf6 30. Rd3 Qe7 31. Qa8+ Kh7 32. Qe4 Kg8 33. h4 Qc5 34. Rd2 Nf8 35. Rc2 Qe7 36. b3 Qd7 37. f3 Qb5 38. Kg2 a4 39. bxa4 Qb1 40. Bf2 Bxf2 41. Rxf2 Qd1 42. Rc2 Qd8 43. h5 Qd6 44. Re2 Qd1 45. Qc2 Qd6 46. Qd2 Qc5 47. Qb2 Nd7 48. Rc2 Qd6 49. Rc8+ Nf8 50. Re8 1-0

[Event "German Bundesliga 2023-24"]
[Site "Germany"]
[Date "2024.04.28"]
[Round "15.3"]
[White "Thybo, Jesper Sondergaard"]
[Black "Dragnev, Valentin"]
[Result "1/2-1/2"]
[WhiteElo "2522"]
[BlackElo "2586"]
[Annotator "RC"]
[PlyCount "52"]
[EventDate "2023.10.20"]
[EventType "team-tourn"]
[EventCountry "GER"]
[SourceTitle "playchess.com"]
[Source "ChessBase"]
[SourceQuality "1"]

1. d4 Nf6 2. c4 e6 3. Nf3 d5 4. g3 Bb4+ 5. Bd2 Be7 6. Bg2 O-O 7. O-O c6 8. Qc2 Nbd7 9. Bf4 a5 10. Rd1 h6 11. Nc3 dxc4 12. Nd2 Nb6 13. e4 a4 14. a3 Bd7 15. Nf3 c5 16. d5 exd5 17. exd5 Re8 18. Ne5 Qc8 19. Nxd7 Qxd7 20. d6 Bf8 21. h4 g6 22. Bf3 Rad8 23. Qc1 Kh7 24. Qc2 Kg8 25. Qc1 Kh7 26. Qc2 Kg8 1/2-1/2

[Event "German Bundesliga 2023-24"]
[Site "Germany"]
[Date "2024.04.28"]
[Round "15.3"]
[White "von Mettenheim, Johannes"]
[Black "Pavlidis, Antonios"]
[Result "1-0"]
[WhiteElo "2284"]
[BlackElo "2566"]
[Annotator "TA"]
[PlyCount "57"]
[EventDate "2023.10.20"]
[EventType "team-tourn"]
[EventCountry "GER"]
[SourceTitle "playchess.com"]
[Source "ChessBase"]
[SourceQuality "1"]

1. d4 Nf6 2. c4 g6 3. Nc3 Bg7 4. e4 d6 5. Nf3 O-O 6. Be2 e5 7. O-O h6 8. h3 Re8 9. d5 Nh5 10. Ne1 Nf4 11. Bf3 a5 12. Ne2 Na6 13. Nxf4 exf4 14. Nd3 g5 15. Re1 Nc5 16. Nxc5 dxc5 17. Bg4 Bd4 18. Bxc8 Qxc8 19. Qc2 Ra6 20. Bd2 Rg6 21. e5 Rxe5 22. Rxe5 Bxe5 23. Re1 Bd4 24. Bc3 g4 25. Bxd4 cxd4 26. hxg4 Qxg4 27. f3 d3 28. Re8+ Kh7 29. Rh8+ 1-0

[Event "German Bundesliga 2023-24"]
[Site "Germany"]
[Date "2024.04.28"]
[Round "15.4"]
[White "Alonso Rosell, Alvar"]
[Black "Pajeken, Jakob Leon"]
[Result "1/2-1/2"]
[WhiteElo "2574"]
[BlackElo "2426"]
[Annotator "RC"]
[PlyCount "49"]
[EventDate "2023.10.20"]
[EventType "team-tourn"]
[EventCountry "GER"]
[SourceTitle "playchess.com"]
[Source "ChessBase"]
[SourceQuality "1"]

1. Nf3 d5 2. g3 g6 3. Bg2 Bg7 4. d4 Nf6 5. c4 c6 6. cxd5 cxd5 7. Nc3 Nc6 8. Ne5 Bd7 9. O-O e6 10. Bf4 Nh5 11. Nxc6 Bxc6 12. Be3 O-O 13. Qd2 Qb6 14. Rac1 Rfd8 15. Rfd1 Nf6 16. h3 Ne8 17. b3 Nd6 18. g4 a5 19. Bg5 Rd7 20. Bh6 Bh8 21. Qf4 Re8 22. Qe3 Red8 23. Bf4 Ne4 24. Qd3 Qb4 25. Be3 1/2-1/2

[Event "German Bundesliga 2023-24"]
[Site "Germany"]
[Date "2024.04.28"]
[Round "15.4"]
[White "Jovanovic, Zoran"]
[Black "Anton Guijarro, David"]
[Result "0-1"]
[WhiteElo "2513"]
[BlackElo "2653"]
[Annotator "TA"]
[PlyCount "80"]
[EventDate "2023.10.20"]
[EventType "team-tourn"]
[EventCountry "GER"]
[SourceTitle "playchess.com"]
[Source "ChessBase"]
[SourceQuality "1"]

1. e4 c5 2. Nf3 Nc6 3. Bb5 e6 4. O-O Nge7 5. Re1 a6 6. Bxc6 Nxc6 7. d4 cxd4 8. Nxd4 Qc7 9. Nxc6 bxc6 10. c4 Be7 11. Nc3 O-O 12. b3 c5 13. Bb2 Bb7 14. Qg4 f6 15. Rad1 Bd6 16. Qh3 Bc6 17. Rd3 Rf7 18. Qh5 Be5 19. Rh3 g6 20. Qe2 Qa5 21. Rd3 Raf8 22. Qd2 Qc7 23. g3 Qb8 24. Ba3 Qa7 25. Bb2 Bd4 26. Nd1 e5 27. Qa5 d6 28. Bxd4 cxd4 29. Qb4 Qd7 30. f3 f5 31. Nf2 a5 32. Qb6 fxe4 33. Nxe4 Rxf3 34. Rxf3 Rxf3 35. Qb8+ Kg7 36. c5 Bxe4 37. Rxe4 Rf8 38. Qxd6 Qxd6 39. cxd6 Kf6 40. Rh4 Rf7 0-1

[Event "German Bundesliga 2023-24"]
[Site "Germany"]
[Date "2024.04.28"]
[Round "15.4"]
[White "Plat, Vojtech"]
[Black "Hampel, Felix"]
[Result "1-0"]
[WhiteElo "2503"]
[BlackElo "2298"]
[Annotator "TA"]
[PlyCount "99"]
[EventDate "2023.10.20"]
[EventType "team-tourn"]
[EventCountry "GER"]
[SourceTitle "playchess.com"]
[Source "ChessBase"]
[SourceQuality "1"]

1. b3 Nf6 2. Bb2 g6 3. e4 Bg7 4. g3 O-O 5. Bg2 e5 6. Ne2 d5 7. exd5 Nxd5 8. O-O f5 9. Nbc3 Nxc3 10. Nxc3 Nc6 11. Nd5 Be6 12. c4 Qd7 13. d3 Rad8 14. Qe2 Rfe8 15. Rae1 Nd4 16. Bxd4 exd4 17. Qd2 c6 18. Nf4 Bf7 19. Qa5 a6 20. h4 Qd6 21. Qb6 Rxe1 22. Rxe1 Rd7 23. b4 Be5 24. Nh3 h6 25. Kf1 Qc7 26. Qxc7 Bxc7 27. a4 Bd6 28. Rb1 Rc7 29. a5 Be8 30. Ng1 Be7 31. Ne2 Bf6 32. Nf4 Be5 33. b5 axb5 34. cxb5 Bxf4 35. b6 Rc8 36. gxf4 Ra8 37. Re1 Kf7 38. Re5 Bd7 39. h5 g5 40. fxg5 hxg5 41. Rc5 Rc8 42. Rc4 Ke7 43. Rxd4 Rh8 44. Rb4 Ra8 45. Ra4 Kf7 46. h6 Be8 47. Rd4 Rxa5 48. Rd8 Re5 49. h7 Kg7 50. Bxc6 1-0

[Event "German Bundesliga 2023-24"]
[Site "Germany"]
[Date "2024.04.28"]
[Round "15.5"]
[White "Kryvoruchko, Yuriy"]
[Black "Kovacevic, Aleksandar"]
[Result "1/2-1/2"]
[WhiteElo "2656"]
[BlackElo "2445"]
[Annotator "TA"]
[PlyCount "91"]
[EventDate "2023.10.20"]
[EventType "team-tourn"]
[EventCountry "GER"]
[SourceTitle "playchess.com"]
[Source "ChessBase"]
[SourceQuality "1"]

1. e4 e5 2. Nf3 Nf6 3. Nxe5 d6 4. Nf3 Nxe4 5. Nc3 Nxc3 6. dxc3 Be7 7. Be3 O-O 8. Qd2 Nd7 9. O-O-O c6 10. h4 d5 11. Bd3 Nc5 12. Ng5 h6 13. Kb1 Nxd3 14. Qxd3 hxg5 15. hxg5 f5 16. g6 Qe8 17. Bc5 f4 18. g4 Bxg4 19. Rdg1 Bf5 20. Qd1 Bxg6 21. Bxe7 Qxe7 22. Rxg6 Rae8 23. a3 Rf6 24. Rgg1 Qf7 25. Qd3 Ree6 26. Qh7+ Kf8 27. Qh8+ Qg8 28. Qh4 Qf7 29. Qh8+ Qg8 30. Qh4 Qf7 31. f3 Rh6 32. Qd8+ Re8 33. Qa5 b6 34. Qa6 Rxh1 35. Rxh1 Kg8 36. Qd3 Qf6 37. Qh7+ Kf7 38. Qh3 Qe6 39. Qh2 Qf5 40. Rg1 Kg8 41. Qh4 b5 42. Rg4 Re2 43. Qd8+ Kh7 44. Qh4+ Kg8 45. Qd8+ Kh7 46. Qh4+ 1/2-1/2

[Event "German Bundesliga 2023-24"]
[Site "Germany"]
[Date "2024.04.28"]
[Round "15.5"]
[White "Parvanyan, Ashot"]
[Black "Bischoff, Klaus"]
[Result "1/2-1/2"]
[WhiteElo "2402"]
[BlackElo "2455"]
[Annotator "RC"]
[PlyCount "40"]
[EventDate "2023.10.20"]
[EventType "team-tourn"]
[EventCountry "GER"]
[SourceTitle "playchess.com"]
[Source "ChessBase"]
[SourceQuality "1"]

1. Nf3 Nf6 2. c4 b6 3. g3 Bb7 4. Bg2 e6 5. O-O Be7 6. Nc3 O-O 7. Re1 d5 8. cxd5 exd5 9. d4 Na6 10. Bf4 c6 11. Ne5 Nc7 12. e4 dxe4 13. Nxe4 Nfd5 14. Bc1 f6 15. Nc4 Qd7 16. b3 Rfe8 17. Bb2 Bb4 18. Re2 Rad8 19. a3 Bf8 20. Qc2 Qf7 1/2-1/2

[Event "German Bundesliga 2023-24"]
[Site "Germany"]
[Date "2024.04.28"]
[Round "15.5"]
[White "Polster, Christian"]
[Black "Swinkels, Robin"]
[Result "0-1"]
[WhiteElo "2244"]
[BlackElo "2515"]
[Annotator "TA"]
[PlyCount "73"]
[EventDate "2023.10.20"]
[EventType "team-tourn"]
[EventCountry "GER"]
[SourceTitle "playchess.com"]
[Source "ChessBase"]
[SourceQuality "1"]

1. e4 c5 2. Nf3 d6 3. d4 cxd4 4. Nxd4 Nf6 5. Nc3 Nc6 6. Bg5 e6 7. Qd2 a6 8. O-O-O Bd7 9. f3 Nxd4 10. Qxd4 Be7 11. Kb1 Qc7 12. h4 b5 13. h5 h6 14. Bxf6 gxf6 15. Qd2 b4 16. Ne2 a5 17. Nf4 Rb8 18. Bd3 Qc5 19. g4 a4 20. Rc1 Bd8 21. c4 bxc3 22. Qxc3 Qe3 23. Ne2 Qxf3 24. g5 hxg5 25. Qd4 Rxh5 26. Rhf1 Qh3 27. Qxd6 Rb6 28. Qd4 e5 29. Qc3 Rc6 30. Qd2 Ba5 31. Nc3 Rd6 32. Rfd1 Kf8 33. Qc2 Bxc3 34. Qxc3 Kg7 35. Qa3 Rd4 36. Rc3 Qf3 37. Rdc1 0-1

[Event "German Bundesliga 2023-24"]
[Site "Germany"]
[Date "2024.04.28"]
[Round "15.6"]
[White "Cyborowski, Lukasz"]
[Black "Gentemann, Moritz"]
[Result "1/2-1/2"]
[WhiteElo "2479"]
[BlackElo "2273"]
[Annotator "TA"]
[PlyCount "69"]
[EventDate "2023.10.20"]
[EventType "team-tourn"]
[EventCountry "GER"]
[SourceTitle "playchess.com"]
[Source "ChessBase"]
[SourceQuality "1"]

1. c4 e6 2. Nc3 d5 3. d4 Nf6 4. Nf3 a6 5. c5 Nc6 6. Bf4 Nh5 7. Bg5 Be7 8. Bxe7 Qxe7 9. e3 Nf6 10. Be2 O-O 11. O-O Rd8 12. Rc1 e5 13. Nxe5 Nxe5 14. dxe5 Qxe5 15. Qd4 Qxd4 16. exd4 Bf5 17. f3 h5 18. h4 c6 19. Kf2 Re8 20. b4 Nd7 21. Nd1 Nf8 22. Ne3 Bd7 23. g3 g6 24. Rfd1 Re7 25. Rc3 Ne6 26. a4 Nc7 27. Rb3 Kg7 28. Rd2 f6 29. Bd3 Kf7 30. Rd1 Rae8 31. Bc2 Kg7 32. Rd2 Kh6 33. Ng2 Ne6 34. Re3 Ng7 35. Rxe7 1/2-1/2

[Event "German Bundesliga 2023-24"]
[Site "Germany"]
[Date "2024.04.28"]
[Round "15.6"]
[White "Zelcic, Robert"]
[Black "Amin, Bassem"]
[Result "0-1"]
[WhiteElo "2476"]
[BlackElo "2680"]
[Annotator "TA"]
[PlyCount "124"]
[EventDate "2023.10.20"]
[EventType "team-tourn"]
[EventCountry "GER"]
[SourceTitle "playchess.com"]
[Source "ChessBase"]
[SourceQuality "1"]

1. e4 e5 2. Nf3 Nc6 3. Nc3 Nf6 4. d4 exd4 5. Nxd4 Bb4 6. Nxc6 bxc6 7. Bd3 d5 8. Bd2 O-O 9. O-O Rb8 10. Re1 Bg4 11. Qc1 Re8 12. exd5 cxd5 13. h3 Bh5 14. a3 Bc5 15. Bg5 Rxe1+ 16. Qxe1 c6 17. b4 Bd6 18. Qd2 Bg6 19. Ne2 c5 20. c3 Qe7 21. Bxg6 hxg6 22. Bf4 Re8 23. Bxd6 Qxd6 24. Ng3 Rc8 25. Qe3 Qa6 26. Qe2 Qa4 27. Qb2 Rb8 28. Qc1 Qb3 29. bxc5 Qb5 30. Qe3 Rc8 31. a4 Qxc5 32. Qxc5 Rxc5 33. Ne2 a5 34. Rb1 Rc4 35. Rb8+ Kh7 36. Rb7 Rxa4 37. Rxf7 Ra1+ 38. Kh2 Ra2 39. Nd4 Rxf2 40. Ra7 Ra2 41. Ne6 Kh6 42. h4 Ne4 43. Nf4 Nxc3 44. Ra6 Kh7 45. Nxg6 Ne4 46. h5 Nf6 47. Nf4 Ra3 48. g3 d4 49. Rd6 Ne4 50. Rxd4 Nxg3 51. Rd6 a4 52. Ra6 Ne4 53. Ne6 Nf6 54. Ng5+ Kh6 55. Ne4 Kxh5 56. Nxf6+ gxf6 57. Rxf6 Kg4 58. Kg2 Ra2+ 59. Kf1 a3 60. Ra6 Ra1+ 61. Kf2 Kf4 62. Ra4+ Ke5 0-1

[Event "German Bundesliga 2023-24"]
[Site "Germany"]
[Date "2024.04.28"]
[Round "15.6"]
[White "Johansson, Linus"]
[Black "Arndt, Magnus"]
[Result "1-0"]
[WhiteElo "2429"]
[BlackElo "2387"]
[Annotator "RC"]
[PlyCount "107"]
[EventDate "2023.10.20"]
[EventType "team-tourn"]
[EventCountry "GER"]
[SourceTitle "playchess.com"]
[Source "ChessBase"]
[SourceQuality "1"]

1. d4 Nf6 2. c4 e6 3. Nc3 Bb4 4. e3 O-O 5. Bd3 d5 6. a3 Bxc3+ 7. bxc3 dxc4 8. Bxc4 c5 9. Ne2 Qc7 10. Bd3 e5 11. dxe5 Qxe5 12. O-O Bf5 13. Bxf5 Qxf5 14. f3 Nc6 15. e4 Qe6 16. Qa4 Ne5 17. Be3 b6 18. Rad1 Qc4 19. Qc2 h6 20. Bf4 Ng6 21. Rd6 Rfd8 22. Rfd1 Rxd6 23. Rxd6 Re8 24. Bxh6 gxh6 25. Rxf6 Rd8 26. h3 Qd3 27. Qxd3 Rxd3 28. Kf2 Rd2 29. Ke3 Ra2 30. f4 Kg7 31. Rc6 Rxa3 32. Rc7 a5 33. e5 Kg8 34. Rb7 Rb3 35. Ke4 Rb2 36. Ng3 Rxg2 37. Nh5 a4 38. Rxb6 a3 39. Rb8+ Nf8 40. Ra8 a2 41. c4 Re2+ 42. Kf5 Rb2 43. h4 Rh2 44. Nf6+ Kg7 45. h5 Rc2 46. Ne8+ Kg8 47. Nd6 Rf2 48. Ke4 Rd2 49. Ne8 Kh7 50. Ke3 Rc2 51. Nf6+ Kg7 52. Kf3 Rxc4 53. Rxa2 Ne6 54. Rg2+ 1-0

[Event "German Bundesliga 2023-24"]
[Site "Germany"]
[Date "2024.04.28"]
[Round "15.7"]
[White "Meier, Georg"]
[Black "Palac, Mladen"]
[Result "1-0"]
[WhiteElo "2628"]
[BlackElo "2463"]
[Annotator "TA"]
[PlyCount "61"]
[EventDate "2023.10.20"]
[EventType "team-tourn"]
[EventCountry "GER"]
[SourceTitle "playchess.com"]
[Source "ChessBase"]
[SourceQuality "1"]

1. Nf3 Nf6 2. g3 c5 3. c4 d5 4. cxd5 Nxd5 5. Bg2 Nc6 6. Nc3 g6 7. O-O Bg7 8. Nxd5 Qxd5 9. d3 O-O 10. Be3 Bxb2 11. Rb1 Bf6 12. Qa4 Qe6 13. Rfe1 Rb8 14. Bxc5 Bd7 15. Qa3 b6 16. Be3 Qf5 17. Rec1 Rfc8 18. Bf4 e5 19. Be3 Kg7 20. h4 Be7 21. Qb2 f6 22. Rc4 Na5 23. Re4 h5 24. Nd4 exd4 25. Rxe7+ Kf8 26. Qb4 Qc5 27. Rxd7 Qxb4 28. Rxb4 dxe3 29. fxe3 Rc2 30. Kf2 Rxa2 31. Bd5 1-0

[Event "German Bundesliga 2023-24"]
[Site "Germany"]
[Date "2024.04.28"]
[Round "15.7"]
[White "Kopylov, Daniel"]
[Black "Lokander, Martin"]
[Result "0-1"]
[WhiteElo "2311"]
[BlackElo "2462"]
[Annotator "RC"]
[PlyCount "93"]
[EventDate "2023.10.20"]
[EventType "team-tourn"]
[EventCountry "GER"]
[SourceTitle "playchess.com"]
[Source "ChessBase"]
[SourceQuality "1"]

1. e4 e5 2. Nf3 Nc6 3. Bb5 a6 4. Ba4 d6 5. c3 Bd7 6. O-O g6 7. d4 Bg7 8. Re1 Nf6 9. Nbd2 O-O 10. h3 Nh5 11. Nf1 Kh8 12. dxe5 dxe5 13. Bg5 Qe8 14. Qd2 f6 15. Be3 Rd8 16. Qc1 f5 17. Bc5 Rg8 18. Ne3 b6 19. Ba3 Bh6 20. Qc2 Nd4 21. cxd4 Bxa4 22. Qxc7 exd4 23. Nc4 Qc6 24. Qxc6 Bxc6 25. Nfe5 Bxe4 26. Nf7+ Kg7 27. Nxd8 Rxd8 28. Nd6 Nf6 29. Red1 d3 30. f3 Be3+ 31. Kh1 Bf4 32. fxe4 fxe4 33. Nc4 b5 34. Nd2 Bxd2 35. Rxd2 e3 36. Be7 Rd7 37. Bxf6+ Kxf6 38. Rf1+ Kg5 39. Rdd1 e2 40. Kg1 d2 41. Kf2 exf1=Q+ 42. Kxf1 Kh4 43. Kf2 h5 44. Kf3 Rf7+ 45. Ke3 Kg3 46. Rxd2 Re7+ 47. Kd4 0-1

[Event "German Bundesliga 2023-24"]
[Site "Germany"]
[Date "2024.04.28"]
[Round "15.7"]
[White "Hoerstmann, Martin"]
[Black "Jaracz, Pawel"]
[Result "1/2-1/2"]
[WhiteElo "2222"]
[BlackElo "2472"]
[Annotator "TA"]
[PlyCount "46"]
[EventDate "2023.10.20"]
[EventType "team-tourn"]
[EventCountry "GER"]
[SourceTitle "playchess.com"]
[Source "ChessBase"]
[SourceQuality "1"]

1. Nf3 d5 2. c4 c6 3. g3 Nd7 4. cxd5 cxd5 5. d4 Ngf6 6. Bg2 e6 7. O-O Be7 8. Nc3 a6 9. Bf4 b5 10. Qd3 O-O 11. Rfc1 Bb7 12. Nb1 Qb6 13. Nbd2 Rfc8 14. Ne5 Nxe5 15. Bxe5 Nd7 16. Bf4 a5 17. Nf3 b4 18. Ne5 Nxe5 19. Bxe5 Ba6 20. Qd1 Qb5 21. Bf1 Qd7 22. g4 Bd6 23. Bxd6 Qxd6 1/2-1/2

[Event "German Bundesliga 2023-24"]
[Site "Germany"]
[Date "2024.04.28"]
[Round "15.8"]
[White "Lindgren, Philip"]
[Black "Farokhi, Keyvan"]
[Result "1/2-1/2"]
[WhiteElo "2395"]
[BlackElo "2284"]
[Annotator "RC"]
[PlyCount "107"]
[EventDate "2023.10.20"]
[EventType "team-tourn"]
[EventCountry "GER"]
[SourceTitle "playchess.com"]
[Source "ChessBase"]
[SourceQuality "1"]

1. d4 Nf6 2. c4 e6 3. Nc3 d5 4. cxd5 exd5 5. Bg5 c6 6. e3 Bf5 7. Qf3 Bg6 8. Bxf6 Qxf6 9. Qxf6 gxf6 10. Nf3 Bd6 11. Nh4 Ke7 12. f4 f5 13. Bd3 Kf6 14. Ne2 Re8 15. Kf2 c5 16. Nc3 cxd4 17. Nxd5+ Kg7 18. exd4 Nc6 19. Bb5 Re4 20. Nf3 Nxd4 21. Bd3 Bc5 22. Bxe4 Nc2+ 23. Ke2 fxe4 24. Ne5 Nxa1 25. Rxa1 Rd8 26. Rd1 Bf5 27. b4 Bf8 28. Ne3 Rxd1 29. Kxd1 Be6 30. a3 Bd6 31. g3 Kf6 32. N5c4 Bc7 33. Nd2 a5 34. Nxe4+ Kg6 35. Nc5 Bc8 36. Kd2 axb4 37. axb4 h5 38. Kc3 h4 39. Kd4 hxg3 40. hxg3 Bd8 41. Kd5 Be7 42. Ke5 Bf6+ 43. Kd6 Bd4 44. Nd5 Kh5 45. Kc7 Be6 46. Nxe6 fxe6 47. Kxb7 exd5 48. Kc6 Bc3 49. Kc5 Kg4 50. b5 Kxg3 51. b6 Kxf4 52. b7 Be5 53. Kxd5 Kf5 54. b8=B 1/2-1/2

[Event "German Bundesliga 2023-24"]
[Site "Germany"]
[Date "2024.04.28"]
[Round "15.8"]
[White "Mainka, Romuald"]
[Black "Hoerstmann, Rudi"]
[Result "1-0"]
[WhiteElo "2364"]
[BlackElo "2249"]
[Annotator "TA"]
[PlyCount "99"]
[EventDate "2023.10.20"]
[EventType "team-tourn"]
[EventCountry "GER"]
[SourceTitle "playchess.com"]
[Source "ChessBase"]
[SourceQuality "1"]

1. e4 g6 2. d4 Bg7 3. Nf3 d6 4. Bc4 Nf6 5. Qe2 Nc6 6. h3 e5 7. dxe5 Nxe5 8. Nxe5 dxe5 9. Bg5 O-O 10. Nd2 Qe7 11. Qf3 Be6 12. Bxe6 Qxe6 13. Qb3 Qc6 14. f3 Nd7 15. Be3 Rfd8 16. Qc4 Qxc4 17. Nxc4 Nf8 18. Ke2 Ne6 19. c3 f6 20. Rhd1 b6 21. Rf1 Kf7 22. g3 Rd7 23. f4 exf4 24. gxf4 Re8 25. f5 Nc5 26. e5 gxf5 27. Bxc5 bxc5 28. Rxf5 Kg8 29. Rg1 fxe5 30. Rg4 Rf7 31. Ne3 Re6 32. Rfg5 Ref6 33. Rg2 Kf8 34. R5g4 Rf4 35. Nd5 Rxg4 36. Rxg4 c6 37. Ne3 Ke7 38. Ra4 Kd6 39. Rh4 Bf8 40. Rh5 Ke6 41. Nc4 Rf4 42. Kd3 Bg7 43. Rxh7 Kf6 44. Nxe5 c4+ 45. Ke3 Rf5 46. Nxc4 Rg5 47. Rh4 Rg2 48. Rf4+ Ke6 49. Rg4 Bh6+ 50. Kd3 1-0

[Event "German Bundesliga 2023-24"]
[Site "Germany"]
[Date "2024.04.28"]
[Round "15.9"]
[White "Nihal Sarin"]
[Black "Eljanov, Pavel"]
[Result "1/2-1/2"]
[WhiteElo "2693"]
[BlackElo "2695"]
[Annotator "TA"]
[PlyCount "41"]
[EventDate "2023.10.20"]
[EventType "team-tourn"]
[EventCountry "GER"]
[SourceTitle "playchess.com"]
[Source "ChessBase"]
[SourceQuality "1"]

1. e4 e5 2. Nf3 Nc6 3. Bc4 Bc5 4. d3 Nf6 5. O-O h6 6. c3 d6 7. Re1 O-O 8. h3 Bb6 9. Nbd2 a5 10. Bb3 Be6 11. Bc2 Re8 12. Nf1 d5 13. exd5 Bxd5 14. Ng3 Nd7 15. Be3 a4 16. Bxb6 Nxb6 17. Re3 Re6 18. Qe2 Nd7 19. a3 g6 20. d4 Qe7 21. Be4 1/2-1/2

[Event "German Bundesliga 2023-24"]
[Site "Germany"]
[Date "2024.04.28"]
[Round "15.9"]
[White "Bluebaum, Matthias"]
[Black "Ivic, Velimir"]
[Result "1/2-1/2"]
[WhiteElo "2668"]
[BlackElo "2562"]
[Annotator "TA"]
[PlyCount "44"]
[EventDate "2023.10.20"]
[EventType "team-tourn"]
[EventCountry "GER"]
[SourceTitle "playchess.com"]
[Source "ChessBase"]
[SourceQuality "1"]

1. Nf3 d5 2. d4 Nf6 3. c4 c6 4. cxd5 cxd5 5. Nc3 Nc6 6. Bf4 Bf5 7. e3 e6 8. Qb3 Bb4 9. Bb5 O-O 10. Bxc6 Bxc3+ 11. Qxc3 Rc8 12. Ne5 bxc6 13. Qa3 Nh5 14. Rc1 Nxf4 15. exf4 f6 16. Nxc6 Qd7 17. Qc5 Rfe8 18. Kd2 Kh8 19. b4 a6 20. a4 Bb1 21. b5 Ba2 22. Rhe1 Bc4 1/2-1/2

[Event "German Bundesliga 2023-24"]
[Site "Germany"]
[Date "2024.04.28"]
[Round "15.9"]
[White "Nisipeanu, Liviu-Dieter"]
[Black "Livaic, Leon"]
[Result "1/2-1/2"]
[WhiteElo "2600"]
[BlackElo "2549"]
[Annotator "TA"]
[PlyCount "59"]
[EventDate "2023.10.20"]
[EventType "team-tourn"]
[EventCountry "GER"]
[SourceTitle "playchess.com"]
[Source "ChessBase"]
[SourceQuality "1"]

1. e4 c5 2. Nc3 e6 3. Nf3 a6 4. d4 cxd4 5. Nxd4 Qc7 6. g3 Nf6 7. Bg2 Nc6 8. O-O Be7 9. Re1 Nxd4 10. e5 Nc6 11. exf6 gxf6 12. Qg4 Ne5 13. Qg7 Ng6 14. Bf4 Qd8 15. Nd5 d6 16. Be4 Rf8 17. Bh6 Kd7 18. Qxh7 Rh8 19. Qxf7 Ne5 20. Qxe7+ Qxe7 21. Nxe7 Kxe7 22. Bf4 Bd7 23. Bxe5 fxe5 24. Bxb7 Rab8 25. Bxa6 Bc6 26. Bf1 Rxb2 27. Reb1 Rxc2 28. Rc1 Rxc1 29. Rxc1 Kd7 30. Rb1 1/2-1/2